[Event "81st Ukrainian Chess Championship"]
[Site "Kiev"]
[Date "2012.08.03"]
[Round "7"]
[White "Ponomariov, Ruslan"]
[Black "Vovk, Yuri"]
[Result "1/2-1/2"]
[WhiteElo "2726"]
[BlackElo "2584"]
[PlyCount "154"]
[EventDate "2012.??.??"]
[EventCountry "UKR"]
[TimeControl "40/5400+30:1800+30"]

1. d4 Nf6 2. c4 g6 3. Nc3 Bg7 4. e4 d6 5. f4 O-O 6. Nf3 c5 7. d5 e6 8. dxe6
fxe6 9. Bd3 Nc6 10. O-O Nd4 11. Bd2 Bd7 12. Nxd4 cxd4 13. Nb5 Bc6 14. Qe2 Ne8
15. e5 Bxb5 16. cxb5 dxe5 17. fxe5 Nc7 18. Rxf8+ Qxf8 19. Rf1 Qc5 20. Qf3 Rf8
21. Qxb7 Rxf1+ 22. Kxf1 Bxe5 23. g3 Kf7 24. Ke2 Ke7 25. a3 Bd6 26. Kd1 Kd7 27.
Qf3 Be7 28. Qb7 Bd6 29. a4 Qd5 30. Qxa7 Bc5 31. b6 Qb3+ 32. Ke2 Qxb6 33. Qxb6
Bxb6 34. b4 Nd5 35. a5 Bd8 36. Be4 Kd6 37. Kd3 e5 38. b5 Kc5 39. b6 Nb4+ 40.
Ke2 Kb5 41. h4 Kxa5 42. b7 Bc7 43. g4 Kb5 44. h5 Nc6 45. h6 Nd8 46. Bd5 Kc5 47.
Bg8 Nxb7 48. Bxh7 e4 49. Bxg6 e3 50. Be1 Bf4 51. h7 Be5 52. Bh4 Kd5 53. Kf3 Ke6
54. Bb1 Nd6 55. Ba2+ Kd7 56. Bb3 Bh8 57. Be1 Ke8 58. Kf4 Nf7 59. g5 d3 60. Bb4
e2 61. Ba4+ Kd8 62. Bb5 Ne5 63. Ke4 Nf7 64. Kf4 Ne5 65. Ke4 Nf7 66. g6 Nd6+ 67.
Kxd3 Nxb5 68. Kxe2 Nd4+ 69. Kd3 Nf3 70. Ke4 Nh4 71. Kf4 Nxg6+ 72. Kf5 Nh4+ 73.
Kg4 Ke8 74. Kxh4 Kf7 75. Kh5 Kg7 76. Bc3+ Kxh7 77. Bxh8 Kxh8 1/2-1/2

[Event "81st Ukrainian Chess Championship"]
[Site "Kiev"]
[Date "2012.08.03"]
[Round "7"]
[White "Moiseenko, Alexander"]
[Black "Volokitin, Andrei"]
[Result "1-0"]
[WhiteElo "2706"]
[BlackElo "2704"]
[PlyCount "77"]
[EventDate "2012.??.??"]
[EventCountry "UKR"]
[TimeControl "40/5400+30:1800+30"]

1. d4 Nf6 2. c4 g6 3. Nc3 d5 4. Nf3 Bg7 5. Qb3 dxc4 6. Qxc4 O-O 7. e4 a6 8. e5
b5 9. Qb3 Nfd7 10. Ng5 Nb6 11. Be3 Nc6 12. Rd1 Bg4 13. f3 Bf5 14. Nge4 Na5 15.
Qc2 b4 16. Ne2 Nd5 17. Bf2 c5 18. g4 b3 19. axb3 Nb4 20. Qxc5 Bxe4 21. fxe4 Rb8
22. Nc1 Bh6 23. Be2 Bxc1 24. Qxc1 Rc8 25. Qh6 Rc2 26. Bf3 Nxb3 27. O-O Nc6 28.
Qe3 Qb6 29. Kh1 Nbxd4 30. Qd3 Rxf2 31. Rxf2 Rd8 32. Qa3 e6 33. Bg2 Nxe5 34. Qg3
Qc5 35. Rfd2 Nc4 36. Qc3 e5 37. b3 Qc8 38. Qxc4 Qxg4 39. Rf1 1-0

[Event "81st Ukrainian Chess Championship"]
[Site "Kiev"]
[Date "2012.08.03"]
[Round "7"]
[White "Eljanov, Pavel"]
[Black "Areshchenko, Alexander"]
[Result "0-1"]
[WhiteElo "2693"]
[BlackElo "2691"]
[PlyCount "70"]
[EventDate "2012.??.??"]
[EventCountry "UKR"]
[TimeControl "40/5400+30:1800+30"]

1. d4 Nf6 2. c4 g6 3. f3 d5 4. cxd5 Nxd5 5. e4 Nb6 6. Nc3 Bg7 7. Be3 O-O 8. Qd2
Nc6 9. O-O-O Qd6 10. Kb1 Rd8 11. Nb5 Qd7 12. d5 a6 13. Nc3 Ne5 14. Bd4 c5 15.
Bxc5 Nec4 16. Bxc4 Nxc4 17. Qc1 Qc7 18. Bd4 e5 19. Bf2 b5 20. b3 Nd6 21. Qe3 f5
22. Rc1 Qe7 23. Qb6 fxe4 24. Nxe4 Bf5 25. Qe3 a5 26. g4 Nxe4 27. fxe4 Bh6 28.
Qxh6 Bxe4+ 29. Kb2 Bxh1 30. Bh4 Qa7 31. Ne2 a4 32. b4 a3+ 33. Ka1 Bf3 34. Nc3
Qd4 35. Bxd8 Rxd8 0-1

[Event "Superfinal 65th RUS-ch"]
[Site "Moscow"]
[Date "2012.08.03"]
[Round "1"]
[White "Grischuk, Alexander"]
[Black "Karjakin, Sergey"]
[Result "1/2-1/2"]
[WhiteElo "2761"]
[BlackElo "2779"]
[PlyCount "81"]
[EventDate "2012.??.??"]
[EventCountry "RUS"]
[TimeControl "40/5400+30:1800+30"]

1. e4 e5 2. Nf3 Nc6 3. Bb5 Nf6 4. O-O Nxe4 5. d4 Nd6 6. Bxc6 dxc6 7. dxe5 Nf5
8. Qxd8+ Kxd8 9. Rd1+ Ke8 10. Nc3 Ne7 11. Nd4 Bg4 12. f3 Bd7 13. Ne4 Rd8 14.
Bg5 b6 15. Re1 Rg8 16. a4 Rc8 17. Rad1 a6 18. a5 c5 19. Ne2 Nf5 20. Nf4 Be6 21.
axb6 cxb6 22. Nd5 Bxd5 23. Rxd5 Nd4 24. c3 Ne6 25. Red1 Nxg5 26. Nxg5 Be7 27.
Ne4 Rd8 28. Kf2 Rxd5 29. Rxd5 Bd8 30. f4 Ke7 31. c4 Bc7 32. Kf3 Rb8 33. g4 Bd8
34. h4 b5 35. cxb5 Rxb5 36. Rxc5 Rxb2 37. f5 Rb3+ 38. Kf4 Bb6 39. f6+ gxf6 40.
exf6+ Kd7 41. Re5 1/2-1/2

[Event "Superfinal 65th RUS-ch"]
[Site "Moscow"]
[Date "2012.08.03"]
[Round "1"]
[White "Alekseev, Evgeny"]
[Black "Vitiugov, Nikita"]
[Result "1-0"]
[WhiteElo "2673"]
[BlackElo "2705"]
[PlyCount "191"]
[EventDate "2012.??.??"]
[EventCountry "RUS"]
[TimeControl "40/5400+30:1800+30"]

1. e4 e6 2. d4 d5 3. Nc3 Bb4 4. exd5 exd5 5. Bd3 Nc6 6. a3 Be7 7. Nge2 Bf6 8.
Be3 Nge7 9. O-O O-O 10. Qd2 Bf5 11. Ng3 Bxd3 12. Qxd3 g6 13. Bh6 Re8 14. Nce2
Bg7 15. Qd2 Qd7 16. Rae1 Nf5 17. Bxg7 Nxg7 18. Nf4 h5 19. Nge2 Qf5 20. Nc3 Rad8
21. Rxe8+ Nxe8 22. Re1 Nf6 23. f3 h4 24. Re3 Kg7 25. Nce2 b6 26. Qc3 Qd7 27.
Nd3 Ne7 28. Ne5 Qd6 29. g4 hxg3 30. Nxg3 Rh8 31. Qe1 Nc6 32. c3 Nd8 33. f4 Nh5
34. f5 g5 35. Qf1 Nf4 36. Qf3 f6 37. Ng4 c5 38. Ne2 Rh3 39. Nxf4 Rxf3 40. Nh5+
Kf7 41. Rxf3 cxd4 42. Nhxf6 dxc3 43. Rxc3 d4 44. Rh3 Ke7 45. Ne4 Qf4 46. f6+
Ke6 47. Ngf2 Qc1+ 48. Kg2 Qxb2 49. Rh8 Nf7 50. Re8+ Kf5 51. Re7 Kg6 52. Rxa7 d3
53. Rd7 Qxa3 54. Rxd3 Qa4 55. Rc3 Qa8 56. Kf1 b5 57. Rb3 Qa4 58. Rb1 Qc2 59.
Rb4 Ne5 60. Rd4 Nc4 61. Kg2 Ne3+ 62. Kf3 Nf5 63. Rd7 Nh4+ 64. Ke3 Nf5+ 65. Kf3
Nh4+ 66. Ke3 Qc1+ 67. Ke2 Qc4+ 68. Ke3 Nf5+ 69. Kf3 Nd4+ 70. Ke3 Nf5+ 71. Kf3
Qe6 72. Rb7 Qb3+ 73. Ke2 Qc2+ 74. Ke1 Qc1+ 75. Ke2 Qc2+ 76. Ke1 Nd4 77. Kf1
Qe2+ 78. Kg2 Ne6 79. Re7 Nf4+ 80. Kg3 Nh5+ 81. Kg2 g4 82. Ng5 Nf4+ 83. Kg3 Nh5+
84. Kg2 Nf4+ 85. Kg3 Qf1 86. Nge4 Nh5+ 87. Kh4 Qg1 88. Nxg4 Qe1+ 89. Ng3 Qc1
90. Nxh5 Qg5+ 91. Kg3 Qxh5 92. Rg7+ Kf5 93. f7 Qh8 94. Rg8 Qc3+ 95. Kh4 Qe1+
96. Kh5 1-0

[Event "Superfinal 65th RUS-ch"]
[Site "Moscow"]
[Date "2012.08.03"]
[Round "1"]
[White "Jakovenko, Dmitry"]
[Black "Svidler, Peter"]
[Result "1/2-1/2"]
[WhiteElo "2722"]
[BlackElo "2749"]
[PlyCount "107"]
[EventDate "2012.??.??"]
[EventCountry "RUS"]
[TimeControl "40/5400+30:1800+30"]

1. d4 Nf6 2. c4 g6 3. Nc3 d5 4. Nf3 Bg7 5. Qb3 dxc4 6. Qxc4 O-O 7. e4 a6 8. Be2
b5 9. Qb3 c5 10. dxc5 Be6 11. Qc2 Nbd7 12. Be3 Rc8 13. Rd1 b4 14. Nd5 Bxd5 15.
exd5 Nxc5 16. O-O Nce4 17. Qd3 Qd6 18. Qxa6 Rc2 19. Bd4 Nc5 20. Qxd6 exd6 21.
Bb5 Nfe4 22. Ne1 Rd2 23. Bxg7 Rxd1 24. Bxf8 Kxf8 25. Nf3 Rxd5 26. Bc6 Rd3 27.
Ra1 g5 28. h3 h5 29. Re1 Nf6 30. Nxg5 Rd2 31. Rb1 Nd3 32. Nf3 Rc2 33. Ba4 Rxb2
34. Rxb2 Nxb2 35. Bb3 Nd3 36. Nd4 Nc1 37. f3 Nxb3 38. axb3 Nd7 39. Kf2 Nc5 40.
g4 hxg4 41. fxg4 Kg7 42. Ke3 Kg6 43. h4 f6 44. Kf4 Kf7 45. Kf5 d5 46. g5 fxg5
47. hxg5 Kg7 48. g6 Kh6 49. Ne6 Ne4 50. Nf4 Kg7 51. Nh5+ Kg8 52. Nf4 Kg7 53.
Nxd5 Nc5 54. Nxb4 1/2-1/2

[Event "Superfinal 65th RUS-ch"]
[Site "Moscow"]
[Date "2012.08.03"]
[Round "1"]
[White "Andreikin, Dmitry"]
[Black "Potkin, Vladimir"]
[Result "1-0"]
[WhiteElo "2715"]
[BlackElo "2651"]
[PlyCount "85"]
[EventDate "2012.??.??"]
[EventCountry "RUS"]
[TimeControl "40/5400+30:1800+30"]

1. e4 c5 2. Nc3 e6 3. Nf3 Nc6 4. d4 cxd4 5. Nxd4 a6 6. Nxc6 bxc6 7. Bd3 d5 8.
O-O Nf6 9. Re1 Be7 10. e5 Nd7 11. Qg4 g6 12. Na4 Rb8 13. b3 Qc7 14. c4 h5 15.
Qf4 h4 16. cxd5 cxd5 17. Bd2 Bb7 18. Rac1 Qd8 19. h3 Rh5 20. Qd4 Kf8 21. Be2
Rh8 22. Qa7 Kg8 23. Bxa6 Bxa6 24. Qxa6 Rh5 25. Ba5 Qe8 26. Bc7 Ra8 27. Qb7 Bg5
28. Rc2 Bf4 29. Bd6 Bxe5 30. Nb6 Nxb6 31. Bxe5 Nd7 32. Ba1 Rb8 33. Qc6 Rf5 34.
Rec1 Qe7 35. a4 Nf8 36. a5 Rxb3 37. a6 Qa7 38. Qa4 Rb6 39. Qxh4 e5 40. Rc8 Rb8
41. Qh6 Rxc8 42. Rxc8 Qxf2+ 43. Kh2 1-0

[Event "Laznicka - Shirov, match"]
[Site "Novy Bor"]
[Date "2012.08.03"]
[Round "2"]
[White "Laznicka, Viktor"]
[Black "Shirov, Alexei"]
[Result "1/2-1/2"]
[WhiteElo "2693"]
[BlackElo "2698"]
[PlyCount "157"]
[EventDate "2012.??.??"]
[EventCountry "CZE"]

1. d4 d5 2. c4 c6 3. Nf3 Nf6 4. Nbd2 Bf5 5. Nh4 Be6 6. e3 g6 7. Nhf3 Bg7 8. Bd3
O-O 9. O-O c5 10. b3 cxd4 11. Nxd4 Bg4 12. Be2 Bxe2 13. Qxe2 e5 14. N4f3 Nc6
15. cxd5 Nxd5 16. Bb2 Qe7 17. Ne4 Qb4 18. Nfd2 f5 19. a3 Qe7 20. Nc3 Nxc3 21.
Bxc3 e4 22. Bxg7 Kxg7 23. b4 Ne5 24. Nb3 Rad8 25. Rfd1 Kh6 26. Rxd8 Rxd8 27.
Rc1 Rd3 28. Qc2 b6 29. h3 Qd7 30. Nd4 f4 31. a4 f3 32. Qc7 Rd1+ 33. Kh2 Rxc1
34. Qxc1 Qd6 35. Kg1 Qxb4 36. Qa1 Qd6 37. Qb1 Qd5 38. Qb4 Qc5 39. Qxc5 bxc5 40.
Nb5 c4 41. Nc3 Kg5 42. Nxe4+ Kf5 43. Nc3 Ke6 44. gxf3 Nxf3+ 45. Kg2 Nd2 46. f3
Kd6 47. Kf2 Kc5 48. Ke2 Nb3 49. Kd1 Kb4 50. Kc2 Nc5 51. Nd5+ Kxa4 52. Kc3 Kb5
53. Nc7+ Kc6 54. Kxc4 Nd7 55. Ne6 Ne5+ 56. Kb4 Nxf3 57. Nf8 Kd6 58. Nxh7 Ke7
59. e4 Kf7 60. e5 Nxe5 61. Ng5+ Kf6 62. Nh7+ Kf5 63. Kb5 g5 64. Ka6 Nc6 65. Nf8
Ke5 66. Nh7 Kf4 67. Kb5 Nb8 68. Ka5 Kf5 69. Kb5 Kg6 70. Nf8+ Kh5 71. Nh7 Kh4
72. Ka5 Nc6+ 73. Ka6 Kh5 74. Nf8 Kh6 75. Ne6 Kg6 76. Nf8+ Kh5 77. Nh7 Kh4 78.
Kb5 a5 79. Ka4 1/2-1/2

[Event "Politiken Cup 2012"]
[Site "Helsingör"]
[Date "2012.08.04"]
[Round "9"]
[White "Malakhov, Vladimir"]
[Black "Bach, Matthias"]
[Result "1-0"]
[WhiteElo "2712"]
[BlackElo "2274"]
[PlyCount "57"]
[EventDate "2012.??.??"]
[EventCountry "DEN"]

1. c4 d6 2. Nf3 Nd7 3. g3 g6 4. Bg2 Bg7 5. O-O e5 6. d4 Ne7 7. Nc3 O-O 8. e4
exd4 9. Nxd4 Nc6 10. Nxc6 bxc6 11. Qc2 Nc5 12. Be3 Ne6 13. Rad1 Ba6 14. b3 c5
15. e5 Bxe5 16. Bxa8 Qxa8 17. Nd5 c6 18. Nf4 Nd4 19. Qd3 Bc8 20. Bxd4 cxd4 21.
Qf3 h5 22. h3 Qb8 23. Qxc6 Bxf4 24. gxf4 Bxh3 25. Rfe1 Qb4 26. Re8 Be6 27.
Rxf8+ Kxf8 28. Qa8+ Kg7 29. Qxa7 1-0

[Event "Laznicka - Shirov, match"]
[Site "Novy Bor"]
[Date "2012.08.04"]
[Round "3"]
[White "Shirov, Alexei"]
[Black "Laznicka, Viktor"]
[Result "1/2-1/2"]
[WhiteElo "2706"]
[BlackElo "2683"]
[PlyCount "97"]
[EventDate "2012.??.??"]
[EventCountry "CZE"]

1. e4 c6 2. d4 d5 3. e5 Bf5 4. Nf3 e6 5. Be2 c5 6. Be3 cxd4 7. Nxd4 Ne7 8. Nd2
Nbc6 9. N2f3 Bg4 10. O-O Bxf3 11. Nxf3 Qc7 12. Rc1 Rd8 13. c3 Ng6 14. Bd4 Be7
15. Re1 O-O 16. Bd3 Rc8 17. g3 Nxd4 18. cxd4 Qxc1 19. Qxc1 Rxc1 20. Rxc1 Rb8
21. h4 Bd8 22. Bxg6 hxg6 23. Kf1 Kf8 24. Ng5 Bb6 25. f4 Re8 26. Nf3 Re7 27.
Rc8+ Re8 28. Rc3 Re7 29. Ke2 Rc7 30. Kd3 Ke7 31. g4 Ba5 32. Ra3 Bb6 33. Rc3 Ba5
34. Ra3 Bb6 35. Kd2 Rc4 36. Rd3 Kd7 37. Kd1 Ra4 38. a3 Rc4 39. Rd2 a5 40. h5
gxh5 41. gxh5 Ke8 42. Rg2 Kf8 43. Rc2 Rxc2 44. Kxc2 Bd8 45. a4 Kg8 46. Kd3 Kh7
47. Ng5+ Bxg5 48. fxg5 g6 49. h6 1/2-1/2

[Event "Superfinal 65th RUS-ch"]
[Site "Moscow"]
[Date "2012.08.04"]
[Round "2"]
[White "Svidler, Peter"]
[Black "Karjakin, Sergey"]
[Result "1/2-1/2"]
[WhiteElo "2749"]
[BlackElo "2785"]
[PlyCount "60"]
[EventDate "2012.??.??"]
[EventCountry "RUS"]

1. e4 e5 2. Nf3 Nc6 3. Bb5 Nf6 4. Nc3 Nd4 5. Bc4 Bc5 6. d3 d6 7. Na4 Nxf3+ 8.
Qxf3 Bb6 9. Nxb6 axb6 10. O-O Be6 11. Bxe6 fxe6 12. Qh3 Qd7 13. Bg5 O-O 14. f4
h6 15. fxe5 hxg5 16. exf6 Rxf6 17. a3 Raf8 18. Rxf6 Rxf6 19. Rf1 Rh6 20. Qe3
Qb5 21. Qd4 g4 22. g3 Qg5 23. Rf4 e5 24. Qc4+ Kh7 25. Rf2 Qe3 26. Qf7 Rf6 27.
Qh5+ Kg8 28. Qe8+ Kh7 29. Qh5+ Kg8 30. Qe8+ Kh7 1/2-1/2

[Event "Superfinal 65th RUS-ch"]
[Site "Moscow"]
[Date "2012.08.04"]
[Round "2"]
[White "Dubov, Daniil"]
[Black "Grischuk, Alexander"]
[Result "1/2-1/2"]
[WhiteElo "2594"]
[BlackElo "2763"]
[PlyCount "111"]
[EventDate "2012.??.??"]
[EventCountry "RUS"]

1. d4 Nf6 2. c4 e6 3. Nc3 Bb4 4. e3 O-O 5. Nge2 d5 6. a3 Be7 7. cxd5 exd5 8. g3
a5 9. Bg2 Na6 10. O-O Re8 11. Qc2 c6 12. f3 c5 13. Rd1 b6 14. dxc5 Bxc5 15. Nd4
Nc7 16. Qf2 Ba6 17. Bd2 Qe7 18. Na4 Qd7 19. Nc3 Bc4 20. Rac1 Rad8 21. Re1 Ne6
22. Bh3 Qb7 23. Ncb5 Ng5 24. Bf1 Qd7 25. Qg2 Ne6 26. Bc3 Bxd4 27. Nxd4 Nc5 28.
g4 Na4 29. g5 Bxf1 30. Kxf1 Nh5 31. Qg4 g6 32. Qxd7 Rxd7 33. b3 Nc5 34. Re2
Rde7 35. Bd2 Ne6 36. Nxe6 Rxe6 37. Rd1 Re5 38. Rg2 Ng7 39. Re1 Nf5 40. Rge2 Nh4
41. f4 Re4 42. Kf2 Nf5 43. Bc3 h6 44. gxh6 Kh7 45. Kf3 R8e6 46. Bg7 f6 47. Kf2
b5 48. Bf8 d4 49. exd4 Rxf4+ 50. Kg2 Rxe2+ 51. Rxe2 Rxd4 52. Re6 Rd2+ 53. Kg1
Rd1+ 54. Kg2 Rd2+ 55. Kg1 Rd1+ 56. Kg2 1/2-1/2

[Event "Superfinal 65th RUS-ch"]
[Site "Moscow"]
[Date "2012.08.04"]
[Round "2"]
[White "Jakovenko, Dmitry"]
[Black "Alekseev, Evgeny"]
[Result "1/2-1/2"]
[WhiteElo "2722"]
[BlackElo "2673"]
[PlyCount "81"]
[EventDate "2012.??.??"]
[EventCountry "RUS"]

1. d4 Nf6 2. c4 e6 3. Nf3 Bb4+ 4. Nbd2 O-O 5. g3 d5 6. Bg2 b6 7. O-O Bb7 8.
cxd5 exd5 9. Ne5 Re8 10. Ndf3 Ne4 11. Bf4 Bf8 12. Qa4 f6 13. Nd3 c5 14. dxc5
bxc5 15. Nd2 Qd7 16. Qc2 Nxd2 17. Bxd2 Na6 18. e3 Kh8 19. Rfe1 Rac8 20. Rad1
Qf7 21. h4 Bd6 22. Bc3 Nc7 23. Qa4 a6 24. Nf4 Bxf4 25. Qxf4 Ne6 26. Qg4 Rcd8
27. Ba5 Rd6 28. b3 Qd7 29. Bc3 Rd8 30. Bb2 h6 31. Qh5 d4 32. Bxb7 Qxb7 33. exd4
Nxd4 34. Bxd4 cxd4 35. Re8+ Rxe8 36. Qxe8+ Kh7 37. h5 Qd5 38. Re1 f5 39. Re7
Rc6 40. Kh2 Qf3 41. Rxg7+ 1/2-1/2

[Event "Superfinal 65th RUS-ch"]
[Site "Moscow"]
[Date "2012.08.04"]
[Round "2"]
[White "Vitiugov, Nikita"]
[Black "Andreikin, Dmitry"]
[Result "1/2-1/2"]
[WhiteElo "2705"]
[BlackElo "2715"]
[PlyCount "60"]
[EventDate "2012.??.??"]
[EventCountry "RUS"]

1. d4 Nf6 2. c4 d6 3. Nc3 e5 4. Nf3 Nbd7 5. Bg5 Be7 6. e3 O-O 7. Qc2 c6 8.
O-O-O exd4 9. Nxd4 d5 10. Nf5 Nb6 11. Nxe7+ Qxe7 12. cxd5 Nbxd5 13. Nxd5 cxd5
14. Kb1 h6 15. Bh4 Bg4 16. f3 Rac8 17. Qd2 Bf5+ 18. Bd3 Bxd3+ 19. Qxd3 Rc6 20.
Qd4 Rfc8 21. Bxf6 Rxf6 22. Qxd5 Qxe3 23. Qxb7 Rfc6 24. Rd8+ Rxd8 25. Qxc6 Qe2
26. Qc2 Rd2 27. Qc8+ Kh7 28. Qf5+ Kg8 29. Qc8+ Kh7 30. Qf5+ Kg8 1/2-1/2

[Event "81st Ukrainian Chess Championship"]
[Site "Kiev"]
[Date "2012.08.04"]
[Round "8"]
[White "Volokitin, Andrei"]
[Black "Kuzubov, Yuriy"]
[Result "1-0"]
[WhiteElo "2704"]
[BlackElo "2629"]
[PlyCount "81"]
[EventDate "2012.??.??"]
[EventCountry "UKR"]

1. e4 e6 2. d4 d5 3. Nc3 Nc6 4. e5 b6 5. Nf3 Bb7 6. a3 Nge7 7. Bd3 Qd7 8. O-O
O-O-O 9. Re1 h6 10. Ne2 g5 11. h3 Bg7 12. Ng3 f5 13. exf6 Bxf6 14. c3 Rhe8 15.
b4 Kb8 16. Ra2 Nf5 17. Nh5 Bh8 18. Rae2 Qf7 19. Ng3 Nd6 20. Qc2 Re7 21. a4 Rg8
22. b5 Na5 23. Ba3 Ree8 24. Bh7 Bc8 25. Bxg8 Rxg8 26. Bxd6 cxd6 27. Nd2 h5 28.
Qd3 g4 29. hxg4 hxg4 30. c4 dxc4 31. Nxc4 Nxc4 32. Qxc4 d5 33. Qb4 Qf4 34. Rd2
Rd8 35. Re3 e5 36. Ne2 Qg5 37. a5 e4 38. axb6 axb6 39. Ra2 Bb7 40. Qa4 Qe7 41.
Qa7+ 1-0

[Event "81st Ukrainian Chess Championship"]
[Site "Kiev"]
[Date "2012.08.04"]
[Round "8"]
[White "Areshchenko, Alexander"]
[Black "Moiseenko, Alexander"]
[Result "1-0"]
[WhiteElo "2691"]
[BlackElo "2706"]
[PlyCount "65"]
[EventDate "2012.??.??"]
[EventCountry "UKR"]

1. e4 c5 2. Nf3 Nc6 3. Bb5 Nf6 4. Nc3 Qc7 5. O-O Nd4 6. Re1 a6 7. Bf1 d6 8.
Nxd4 cxd4 9. Ne2 Nxe4 10. Nxd4 Nf6 11. Nf3 g6 12. d4 Bg7 13. c4 O-O 14. b3 Bg4
15. h3 Bxf3 16. Qxf3 e5 17. Bg5 Nd7 18. dxe5 dxe5 19. Rad1 Rfe8 20. b4 Nf8 21.
c5 Ne6 22. Be3 f5 23. Rd6 e4 24. Qd1 Kh8 25. Bc4 Qc8 26. Qb3 Nd8 27. Red1 Nc6
28. Rd7 Ne5 29. Rxg7 Kxg7 30. Qc3 Qc7 31. Rd6 Qe7 32. Bf4 g5 33. Re6 1-0

[Event "81st Ukrainian Chess Championship"]
[Site "Kiev"]
[Date "2012.08.04"]
[Round "8"]
[White "Zubov, Alexander"]
[Black "Ponomariov, Ruslan"]
[Result "0-1"]
[WhiteElo "2621"]
[BlackElo "2726"]
[PlyCount "120"]
[EventDate "2012.??.??"]
[EventCountry "UKR"]

1. d4 Nf6 2. c4 g6 3. g3 Bg7 4. Bg2 O-O 5. Nc3 d6 6. Nf3 c6 7. O-O Bf5 8. b3
Ne4 9. Bb2 Nxc3 10. Bxc3 Be4 11. e3 b5 12. Qe2 bxc4 13. bxc4 c5 14. Rfd1 Nd7
15. Bf1 Rb8 16. Rac1 Qc7 17. Nd2 Bc6 18. Nb3 Ba4 19. Qb2 Bc6 20. dxc5 Bxc3 21.
Qxc3 Nxc5 22. Nxc5 dxc5 23. Bg2 Ba4 24. Rd5 e6 25. Rd2 Rfd8 26. Rxd8+ Rxd8 27.
Be4 Bc6 28. Bxc6 Qxc6 29. Qf6 Qb6 30. Qa1 Qb4 31. g4 Qd2 32. h3 a5 33. Kg2 a4
34. g5 e5 35. Qc3 Qxa2 36. Qxe5 a3 37. Qf6 Rd2 38. Kg3 Qb2 39. Qxb2 axb2 40.
Rb1 Kf8 41. Kf3 Ke7 42. e4 Kd6 43. Ke3 Rc2 44. h4 Rc3+ 45. Kd2 Rxc4 46. Rxb2
Rxe4 47. h5 Rg4 48. Rb6+ Kd5 49. hxg6 hxg6 50. Rf6 Rxg5 51. Rxf7 Rf5 52. Rd7+
Kc6 53. Rg7 Rxf2+ 54. Kd3 Rg2 55. Rg8 Rg3+ 56. Kc4 Rg4+ 57. Kd3 g5 58. Rd8 Rg1
59. Rc8+ Kd6 60. Rd8+ Ke5 0-1

[Event "81st Ukrainian Chess Championship"]
[Site "Kiev"]
[Date "2012.08.04"]
[Round "8"]
[White "Vovk, Yuri"]
[Black "Eljanov, Pavel"]
[Result "1-0"]
[WhiteElo "2584"]
[BlackElo "2693"]
[PlyCount "75"]
[EventDate "2012.??.??"]
[EventCountry "UKR"]

1. e4 e5 2. Nf3 Nc6 3. Bc4 Bc5 4. c3 Nf6 5. d3 O-O 6. O-O d6 7. Bg5 h6 8. Bh4
a6 9. Nbd2 Ba7 10. a4 Kh7 11. Re1 Ne7 12. Bxf6 gxf6 13. d4 Ng6 14. Nf1 Be6 15.
Qb3 Bg4 16. Bxf7 Nf4 17. Re3 Qd7 18. Bc4 c6 19. Ng3 d5 20. Bf1 Rae8 21. h3 Be6
22. exd5 Bxd5 23. Qc2+ Kh8 24. Rd1 Rg8 25. Kh2 e4 26. Nh4 c5 27. dxc5 Bxc5 28.
c4 Bxe3 29. fxe3 Qc7 30. exf4 Qxf4 31. Nhf5 Bc6 32. Be2 e3 33. Rf1 Qc7 34. Bg4
Re5 35. Nxh6 e2 36. Re1 Rge8 37. Qg6 Rf8 38. Nhf5 1-0

[Event "Politiken Cup 2012"]
[Site "Helsingör"]
[Date "2012.08.05"]
[Round "10"]
[White "Glud, Jakob Vang"]
[Black "Malakhov, Vladimir"]
[Result "0-1"]
[WhiteElo "2498"]
[BlackElo "2708"]
[PlyCount "139"]
[EventDate "2012.??.??"]
[EventCountry "DEN"]

1. Nf3 g6 2. c4 Bg7 3. g3 e6 4. Bg2 Ne7 5. d4 d5 6. Na3 O-O 7. O-O Nbc6 8. e3
b6 9. Bd2 a5 10. Qb3 Ba6 11. Rfd1 Qd7 12. Rac1 Rfc8 13. Be1 Rab8 14. Bf1 Qe8
15. cxd5 Bxf1 16. Kxf1 exd5 17. Nb5 Qd7 18. Kg2 Nf5 19. Rxc6 Qxc6 20. Na7 Qe6
21. Nxc8 Rxc8 22. Qd3 h5 23. h3 Bf8 24. Ne5 Bd6 25. Bc3 c5 26. g4 hxg4 27. hxg4
Ne7 28. f3 c4 29. Qc2 b5 30. Rh1 b4 31. Be1 Bxe5 32. dxe5 Qxe5 33. Bg3 Qxe3 34.
Re1 Qd3 35. Qf2 c3 36. Be5 g5 37. bxc3 Ng6 38. Bf6 bxc3 39. Re3 Nf4+ 40. Kg3
Qa6 41. Bxc3 Qh6 42. Qh2 Qxh2+ 43. Kxh2 Kh7 44. Bxa5 Rc2+ 45. Kg1 Rxa2 46. Bc7
d4 47. Rb3 Ne6 48. Be5 Re2 49. Bd6 Rc2 50. Rb5 Kg6 51. Rd5 f6 52. Kf1 Kf7 53.
Ke1 Ra2 54. Kf1 Ke8 55. Ke1 Rc2 56. Kf1 Rb2 57. Ke1 Ra2 58. Kf1 Ra7 59. Bb4 Rd7
60. Rxd7 Kxd7 61. Ke2 Nf4+ 62. Kd2 Ke6 63. Ba5 Ng6 64. Kd3 Kd5 65. Bd8 Ne5+ 66.
Ke2 Ke6 67. Bc7 d3+ 68. Ke3 d2 69. Kxd2 Nxf3+ 70. Kd3 {Ke5 Kd4} 0-1

[Event "Superfinal 65th RUS-ch"]
[Site "Moscow"]
[Date "2012.08.05"]
[Round "3"]
[White "Karjakin, Sergey"]
[Black "Dubov, Daniil"]
[Result "1/2-1/2"]
[WhiteElo "2785"]
[BlackElo "2584"]
[PlyCount "73"]
[EventDate "2012.??.??"]
[EventCountry "RUS"]

1. d4 d5 2. c4 dxc4 3. Nf3 a6 4. e3 b5 5. a4 Bb7 6. b3 e6 7. bxc4 bxc4 8. Bxc4
Nf6 9. Nbd2 Nbd7 10. Rb1 Ra7 11. O-O c5 12. Bb2 Be7 13. dxc5 Nxc5 14. Bd4 O-O
15. Qc2 Nfd7 16. Rfc1 Ba8 17. Qa2 Rb7 18. Rxb7 Bxb7 19. a5 Qa8 20. Qa1 g6 21.
Bf1 Rc8 22. h3 Bd5 23. Nh2 f6 24. f4 Kf7 25. Ng4 Nb3 26. Nxb3 Bxb3 27. Rxc8
Qxc8 28. Qb1 Bd5 29. e4 Bc5 30. Qd3 Bb7 31. Nf2 Ke7 32. Bxc5+ Qxc5 33. Qb1 Bc8
34. Qe1 Bb7 35. Qb1 Bc8 36. Qe1 Bb7 37. Qb1 1/2-1/2

[Event "Superfinal 65th RUS-ch"]
[Site "Moscow"]
[Date "2012.08.05"]
[Round "3"]
[White "Grischuk, Alexander"]
[Black "Potkin, Vladimir"]
[Result "1/2-1/2"]
[WhiteElo "2763"]
[BlackElo "2651"]
[PlyCount "83"]
[EventDate "2012.??.??"]
[EventCountry "RUS"]

1. e4 e6 2. d4 d5 3. Nc3 Nf6 4. e5 Nfd7 5. f4 c5 6. Nf3 Nc6 7. Be3 a6 8. Qd2 b5
9. a3 Qa5 10. Be2 b4 11. Nd1 Rb8 12. c3 bxc3 13. Nxc3 cxd4 14. Nxd4 Nxd4 15.
Bxd4 Bc5 16. Bxc5 Qxc5 17. b4 Qa7 18. Rd1 Bb7 19. Ne4 O-O 20. Nd6 Bc6 21. Qd4
Qxd4 22. Rxd4 Bb5 23. Nxb5 axb5 24. Kd2 g5 25. g3 Rb7 26. Rc1 Ra8 27. Rc3 f6
28. exf6 Nxf6 29. Bf3 gxf4 30. gxf4 Rba7 31. Rdd3 Kf7 32. f5 Ne4+ 33. Bxe4 dxe4
34. fxe6+ Kxe6 35. Rh3 Ke5 36. Ke3 Rxa3 37. Rh5+ Kd6 38. Rxa3 Rxa3+ 39. Kxe4
Rb3 40. Rxb5 Rh3 41. Rd5+ Ke6 42. Re5+ 1/2-1/2

[Event "Superfinal 65th RUS-ch"]
[Site "Moscow"]
[Date "2012.08.05"]
[Round "3"]
[White "Andreikin, Dmitry"]
[Black "Jakovenko, Dmitry"]
[Result "1/2-1/2"]
[WhiteElo "2715"]
[BlackElo "2722"]
[PlyCount "83"]
[EventDate "2012.??.??"]
[EventCountry "RUS"]

1. c4 Nf6 2. Nc3 c5 3. Nf3 e6 4. e4 Nc6 5. Be2 d5 6. exd5 exd5 7. d4 Be6 8.
cxd5 Nxd5 9. O-O Be7 10. dxc5 Bxc5 11. Ng5 Nxc3 12. bxc3 Qxd1 13. Rxd1 O-O 14.
Bf4 Rfe8 15. Kf1 Rad8 16. Nxe6 Rxd1+ 17. Rxd1 Rxe6 18. Bf3 h6 19. h4 Re7 20. h5
Bb6 21. Re1 Rxe1+ 22. Kxe1 Kf8 23. Bd6+ Ke8 24. Bd5 Bd8 25. Bc5 a6 26. f4 Be7
27. Be3 Nd8 28. Ke2 Kd7 29. Bd4 f6 30. Kf3 Nc6 31. Be3 f5 32. Ke2 Kd6 33. Bf3
b5 34. Bb6 Bd8 35. Bxc6 Bxb6 36. Bb7 a5 37. Bc8 Kd5 38. Bxf5 b4 39. cxb4 axb4
40. Bb1 Ke6 41. Bc2 Kf6 42. Kf3 1/2-1/2

[Event "Superfinal 65th RUS-ch"]
[Site "Moscow"]
[Date "2012.08.05"]
[Round "3"]
[White "Alekseev, Evgeny"]
[Black "Svidler, Peter"]
[Result "1/2-1/2"]
[WhiteElo "2673"]
[BlackElo "2749"]
[PlyCount "81"]
[EventDate "2012.??.??"]
[EventCountry "RUS"]

1. e4 g6 2. d4 Bg7 3. Nf3 d6 4. c3 Nf6 5. Bd3 O-O 6. O-O Nbd7 7. Re1 e5 8. Nbd2
Re8 9. Qc2 d5 10. dxe5 Ng4 11. e6 Rxe6 12. h3 Ngf6 13. exd5 Rxe1+ 14. Nxe1 Nxd5
15. Nb3 Ne5 16. Be4 Nf6 17. Bg5 h6 18. Rd1 Qe8 19. Bxf6 Bxf6 20. Na5 c6 21. Nf3
Nxf3+ 22. Bxf3 Kg7 23. Qe2 Qxe2 24. Bxe2 h5 25. g4 Be5 26. Nc4 Bc7 27. Nd6 Be6
28. Nxb7 hxg4 29. hxg4 Rb8 30. Nc5 Bxa2 31. b4 Rd8 32. Rxd8 Bxd8 33. Bf3 Bf6
34. Na4 Bb3 35. Bxc6 Bxa4 36. Bxa4 Bxc3 37. b5 Bd4 38. Kg2 g5 39. Bb3 Bb6 40.
Kf3 f6 41. Ke4 1/2-1/2